000 00412cam a2200157ua 4500
041 _aeng
_h
082 _a828.09
_bLEA/RE
100 _aLeavis, F R.
245 _aRevaluation: Tradition and development in English poetry /
_cF R Leavis.
_hTextual Documents
260 _aLondon :
_bChatto and Windus ,
_c1962.
300 _a274 ; .
504 _a
942 _cBK
999 _c3930
_d3930